000 00376nam a22001337a 4500
008 241015b |||||||| |||| 00| 0 eng d
082 _a320.8
100 _aDorjee D. Pema
245 _aRaise Your Hand:
_bBhutan's First Elected Women Leaders
260 _aBhutan;
_bKCD Production,
_c2013.
300 _ap. 203;
_c24 Cm.
700 _aTshogyel Yangchen
_eAuthor
942 _2ddc
999 _c10057
_d10058